| 000 | 00750nam a22002417a 4500 | ||
|---|---|---|---|
| 999 |
_c72151 _d72151 |
||
| 005 | 20230727111326.0 | ||
| 008 | 121213t xxu||||| |||| 00| 0 eng d | ||
| 010 | _aENG-106436 ENG-137610 | ||
| 020 |
_a9788183243698 _c495.00 |
||
| 020 | _a818324369 | ||
| 035 | _aEN-89969 | ||
| 035 | _aEN-121142 | ||
| 037 | _bDBAD/PUB | ||
| 040 |
_aDPL _bEng |
||
| 082 | _a305.5630954123 | ||
| 100 |
_954274 _aPunam |
||
| 245 |
_aSocio-economic scenario of agricultural labourers / _cby Punam |
||
| 260 |
_aNew Delhi _bMittal Publications _c2012 |
||
| 270 |
_a4594/9 Daryaganj _bNew Delhi _e110002 |
||
| 300 |
_axx,144p. _c23cm(Hb) |
||
| 500 | _aIncludes bibliographical references and index | ||
| 942 |
_2ddc _cEN _h305.5630954123 _mPUN |
||